[Event "GER-chT Federal Cup (Women)"]
[Site "Germany"]
[Date "2011.06.18"]
[Round "4.5"]
[White "Weiss, Katharina"]
[Black "Kaehmann, Lisa"]
[Result "1-0"]
[WhiteElo "1764"]
[BlackElo "1652"]
[PlyCount "69"]
[EventDate "2011.06.16"]
[EventType "team-swiss"]
[EventRounds "5"]
[EventCountry "GER"]
[SourceTitle "EXT 2012"]
[Source "ChessBase"]
[SourceDate "2011.11.24"]
[SourceVersion "1"]
[SourceVersionDate "2011.11.24"]
[SourceQuality "1"]
[WhiteTeam "Sachsen Anhalt"]
[BlackTeam "Nordrhein Westfalen II"]
[WhiteTeamCountry "GER"]
[BlackTeamCountry "GER"]

1. e4 e5 2. Nf3 Nc6 3. Nc3 Nf6 4. d4 exd4 5. Nxd4 Be7 6. f4 d6 7. Be2 0-0 8. Be3 Re8 9. Bf3 Bf8 10. Qe2 Bd7 11. 0-0-0 Nxd4 12. Rxd4 c5 13. Rdd1 Qc7 14. g4 Bc6 15. Qg2 Rab8 16. g5 Nd7 17. f5 Ne5 18. Bh5 g6 19. fxg6 fxg6 20. Be2 Nd7 21. Bc4+ Kh8 22. h4 Ne5 23. Nd5 Qd8 24. Be2 Bxd5 25. exd5 b5 26. h5 Qd7 27. hxg6 Nxg6 28. Bd3 Qg7 29. Rh6 Rxe3 30. Bxg6 Qxh6 31. gxh6 Bxh6 32. Kb1 Rg8 33. Qg4 Re7 34. Qh4 Reg7 35. Qxh6 1-0

[Event "GER-ch U18 Girls"]
[Site "Willingen"]
[Date "2008.05.11"]
[Round "2"]
[White "Weiss, Katharina"]
[Black "Benzen, Marthe"]
[Result "1/2-1/2"]
[WhiteElo "1653"]
[BlackElo "1829"]
[PlyCount "106"]
[EventDate "2008.05.11"]
[EventType "swiss"]
[EventRounds "9"]
[EventCountry "GER"]
[SourceTitle "CBM 124 Extra"]
[Source "ChessBase"]
[SourceDate "2008.07.03"]
[SourceVersion "1"]
[SourceVersionDate "2008.07.03"]
[SourceQuality "1"]

1. e4 e5 2. Nf3 Nc6 3. Nc3 Nf6 4. d4 exd4 5. Nxd4 Bb4 6. Nxc6 bxc6 7. Bd3 Bb7 8. 0-0 Bxc3 9. bxc3 Qe7 10. Rb1 Bc8 11. c4 0-0 12. Re1 d6 13. Bg5 Qe5 14. Qd2 Be6 15. Bf4 Qc5 16. Qb4 Qd4 17. Rbd1 Rab8 18. Qa5 Qb6 19. Qxb6 axb6 20. e5 Ne8 21. exd6 Nxd6 22. Bxd6 cxd6 23. Be4 c5 24. Rxd6 Bxc4 25. Rb1 b5 26. Bd3 Bxa2 27. Rxb5 c4 28. Rxb8 Rxb8 29. Be2 g6 30. g3 Rb2 31. Rd2 c3 32. Rd8+ Kg7 33. Bd3 Be6 34. Kg2 Kf6 35. Kf3 Ke5 36. Ke3 Rb1 37. f4+ Kf6 38. Kd4 Rh1 39. h4 Rg1 40. Kxc3 Rxg3 41. Rd4 Rh3 42. Kb4 Rxh4 43. c4 h5 44. c5 Ke7 45. c6 g5 46. Be2 Rxf4 47. Rxf4 gxf4 48. Bxh5 Kd6 49. Bf3 Ke5 50. Kc5 f5 51. c7 Bd7 52. Bb7 Ke6 53. Kd4 Kd6 1/2-1/2

[Event "Steinfurt Bezirksklasse 0405"]
[Site "Germany"]
[Date "2005.02.19"]
[Round "7.5"]
[White "Sterthaus, Udo"]
[Black "Weiss, Katharina"]
[Result "1-0"]
[WhiteElo "1337"]
[BlackElo "1461"]
[PlyCount "38"]
[EventDate "2004.09.18"]
[EventType "team-tourn"]
[EventRounds "11"]
[EventCountry "GER"]
[SourceTitle "EXT 2006"]
[Source "ChessBase"]
[SourceDate "2005.11.24"]
[SourceVersion "1"]
[SourceVersionDate "2005.11.24"]
[SourceQuality "1"]
[WhiteTeam "Emsdetten Rochade IV"]
[BlackTeam "Rheine SG"]
[WhiteTeamCountry "GER"]
[BlackTeamCountry "GER"]

1. e4 e6 2. d4 d5 3. exd5 exd5 4. Nf3 Nc6 5. Bd3 Bg4 6. c3 Bd6 7. 0-0 Nge7 8. Re1 Qd7 9. Be3 0-0-0 10. Nbd2 Ng6 11. Qc2 Kb8 12. Qb3 Na5 13. Qc2 Bxf3 14. Nxf3 Bf4 15. Bxf4 Nxf4 16. Ne5 Qd6 17. Nxf7 Qf6 18. Nxh8 Rf8 19. Re2 Nxd3 1-0

[Event "GER-ch U14 Girls"]
[Site "Willingen"]
[Date "2004.06.01"]
[Round "6"]
[White "Weiss, Katharina"]
[Black "Benzen, Marthe"]
[Result "0-1"]
[WhiteElo "1567"]
[BlackElo "1477"]
[PlyCount "102"]
[EventDate "2004.06.??"]
[EventType "swiss"]
[EventRounds "9"]
[EventCountry "GER"]
[SourceTitle "EXT 2005"]
[Source "ChessBase"]
[SourceDate "2004.11.15"]
[SourceVersion "1"]
[SourceVersionDate "2004.11.15"]
[SourceQuality "1"]

1. e4 Nc6 2. Nf3 e5 3. Nc3 Nf6 4. d4 exd4 5. Nxd4 Bb4 6. Nxc6 bxc6 7. Bd3 0-0 8. 0-0 d5 9. exd5 cxd5 10. Bg5 c6 11. Ne2 Bd6 12. h3 c5 13. c3 Rb8 14. Rb1 Be6 15. Bc2 Bc7 16. Qd3 c4 17. Qd4 Bb6 18. Qh4 h6 19. Bxf6 Qxf6 20. Qxf6 gxf6 21. Rfd1 Kh8 22. Nf4 Rg8 23. Kf1 Rg5 24. Rd2 Bc7 25. Nxe6 fxe6 26. Re2 Re5 27. Rd2 Ba5 28. Rd4 Kg7 29. Rg4+ Rg5 30. Rxg5+ hxg5 31. Ke2 f5 32. Kd1 Kf6 33. Kc1 Ke5 34. Bd1 Bb6 35. f3 Kf4 36. Be2 Ke3 37. Bf1 Kf2 38. Kc2 Rh8 39. Rd1 Rh4 40. b3 cxb3+ 41. axb3 g4 42. fxg4 fxg4 43. Kd3 gxh3 44. gxh3 Re4 45. Ra1 Re3+ 46. Kc2 e5 47. Rd1 d4 48. cxd4 Bxd4 49. b4 Rc3+ 50. Kd2 Rc7 51. b5 e4 0-1

[Event "GER-ch U14 Girls"]
[Site "Willingen"]
[Date "2004.05.31"]
[Round "4"]
[White "Weiss, Katharina"]
[Black "Weber, Kristina"]
[Result "0-1"]
[WhiteElo "1567"]
[BlackElo "1482"]
[PlyCount "88"]
[EventDate "2004.06.??"]
[EventType "swiss"]
[EventRounds "9"]
[EventCountry "GER"]
[SourceTitle "EXT 2005"]
[Source "ChessBase"]
[SourceDate "2004.11.15"]
[SourceVersion "1"]
[SourceVersionDate "2004.11.15"]
[SourceQuality "1"]

1. e4 e6 2. d4 d5 3. Nc3 dxe4 4. Nxe4 Nd7 5. Nf3 Be7 6. c3 Ngf6 7. Ng3 0-0 8. Bd3 c5 9. 0-0 b6 10. Ne5 Bb7 11. Nxd7 Nxd7 12. Be4 Bxe4 13. Nxe4 cxd4 14. Qxd4 Nc5 15. Qxd8 Rfxd8 16. Nxc5 Bxc5 17. Bf4 Rd3 18. Rad1 Rad8 19. Rxd3 Rxd3 20. Re1 Kf8 21. Kf1 Ke7 22. Ke2 Rd7 23. b4 Bd6 24. Bxd6+ Rxd6 25. Rd1 Rxd1 26. Kxd1 Kd6 27. Kd2 Kd5 28. Kd3 b5 29. f3 e5 30. g4 g6 31. h4 f5 32. gxf5 gxf5 33. h5 h6 34. a3 a6 35. Kd2 Kc4 36. Kc2 e4 37. fxe4 fxe4 38. Kd2 Kd5 39. Ke2 Ke5 40. Ke3 Kf5 41. Ke2 Kf4 42. Kf2 e3+ 43. Ke2 Ke4 44. Ke1 Kd3 0-1

[Event "GER-ch U14 Girls"]
[Site "Willingen"]
[Date "2004.05.30"]
[Round "1"]
[White "Mai, Felicitas"]
[Black "Weiss, Katharina"]
[Result "0-1"]
[WhiteElo "1209"]
[BlackElo "1567"]
[PlyCount "118"]
[EventDate "2004.06.??"]
[EventType "swiss"]
[EventRounds "9"]
[EventCountry "GER"]
[SourceTitle "EXT 2005"]
[Source "ChessBase"]
[SourceDate "2004.11.15"]
[SourceVersion "1"]
[SourceVersionDate "2004.11.15"]
[SourceQuality "1"]

1. e4 c5 2. Nf3 d6 3. Be2 Nc6 4. 0-0 g6 5. d3 Nf6 6. Be3 Bg7 7. c3 0-0 8. Nbd2 Qc7 9. Qc2 b6 10. d4 Bd7 11. e5 Bf5 12. Bd3 Bxd3 13. Qxd3 Ng4 14. exd6 exd6 15. Bf4 Rad8 16. dxc5 dxc5 17. Bxc7 Rxd3 18. Rad1 Rc8 19. Bg3 Rcd8 20. Rfe1 Bh6 21. h3 Nxf2 22. Bxf2 Bxd2 23. Nxd2 Rxd2 24. Re8+ Rxe8 25. Rxd2 Rd8 26. Rc2 Rd1+ 27. Kh2 Ne5 28. Bg3 Nc4 29. Bf4 Kg7 30. b4 Rd5 31. b5 Nd6 32. c4 Rd3 33. a4 f6 34. Re2 Kf7 35. Bxd6 Rxd6 36. Ra2 Rd4 37. a5 Ke6 38. axb6 axb6 39. Ra6 Rd6 40. Kg3 Ke5 41. Kf3 Kd4 42. Ra4 Kc3 43. Ra7 h5 44. Rc7 Kxc4 45. Rc6 Kd5 46. Rc8 Re6 47. Kf4 Re4+ 48. Kf3 Rb4 49. Rc6 Rxb5 50. Rxf6 c4 51. Rxg6 Kd4 52. Ke2 Kc3 53. Rc6 Re5+ 54. Kf2 b5 55. g4 b4 56. Rh6 b3 57. Rxh5 Rxh5 58. gxh5 b2 59. h6 b1Q 0-1

[Event "Leutersdorf Muench Braeu op 09th"]
[Site "Leutersdorf"]
[Date "2004.02.11"]
[Round "9"]
[White "Nguyen, Hoa My"]
[Black "Weiss, Katharina"]
[Result "1/2-1/2"]
[WhiteElo "1582"]
[BlackElo "1589"]
[PlyCount "21"]
[EventDate "2004.02.07"]
[EventType "swiss"]
[EventRounds "9"]
[EventCountry "GER"]
[SourceTitle "CBM 098 Extra"]
[Source "ChessBase"]
[SourceDate "2004.03.10"]
[SourceVersion "2"]
[SourceVersionDate "2004.03.10"]
[SourceQuality "1"]

1. Nf3 d5 2. g3 c6 3. Bg2 a6 4. 0-0 g6 5. Re1 Bg7 6. e4 d4 7. e5 e6 8. c3 d3 9. b4 Ne7 10. Nd4 0-0 11. Be4 1/2-1/2

[Event "Leutersdorf Muench Braeu op 08th"]
[Site "Leutersdorf"]
[Date "2003.02.14"]
[Round "7"]
[White "Weiss, Katharina"]
[Black "Slawtschew, Slavtscho"]
[Result "0-1"]
[WhiteElo "1412"]
[BlackElo "1663"]
[PlyCount "56"]
[EventDate "2003.02.12"]
[EventType "swiss"]
[EventRounds "9"]
[EventCountry "GER"]
[SourceTitle "CBM 092 Extra"]
[Source "ChessBase"]
[SourceDate "2003.03.07"]
[SourceVersion "1"]
[SourceVersionDate "2003.03.07"]
[SourceQuality "1"]

1. e4 c5 2. Nf3 d6 3. d4 cxd4 4. Nxd4 Nf6 5. Nc3 a6 6. f3 e5 7. Nb3 Be6 8. Be3 Be7 9. Be2 0-0 10. 0-0 b5 11. a3 Nbd7 12. Qd2 Rc8 13. f4 Nb6 14. Rad1 Qc7 15. Rf2 Qb7 16. Na5 Qc7 17. Bxb5 axb5 18. Nxb5 Qb8 19. Nxd6 Bxd6 20. Qxd6 Qxd6 21. Rxd6 Na4 22. Rd1 Nxe4 23. Rff1 Rxc2 24. b4 exf4 25. Bxf4 Nac3 26. Rde1 Ne2+ 27. Kh1 Nxf4 28. Rxf4 Nf2+ 0-1